000 00665nam a22002177a 4500
005 20240530110925.0
008 220214s2009 ua g 000 p ara d
017 _bمصر. دار الكتب
_a2009/13981
020 _a9789774760211
040 _aEG-CaGPL
_cEG-CaGPL
082 0 4 _221
_a811.09/
_bت هـ
100 0 _aتغريد فياض
245 1 0 _aهل من مرافئ :
_bشعر /
_cتغريد فياض
250 _aط. 1
260 _aالقاهرة :
_bالحضارة للنشر،
_c2009
300 _a110 ص. ؛
_c20 سم
650 0 7 _2qrmak
_aالشعر العربى
651 _2qrmak
942 _2ddc
_cBK
999 _c66558
_d66558